LEADER 01172nam--2200373---450- 001 990003064450203316 005 20080213111226.0 035 $a000306445 035 $aUSA01000306445 035 $a(ALEPH)000306445USA01 035 $a000306445 100 $a20080213d1989----km-y0itay50------ba 101 $apor 102 $aPT 105 $a||||||||001yy 200 1 $a<> reconhecimento do Brasil$f[direccao, Luis de Albuquerque$gcomentarios, Jorge Couto, Luis de Albuquerque e Luisa Black] 210 $aLisboa$cAlfa$dcopyr. 1989 215 $a199 p.$d20 cm 225 2 $aBiblioteca da expansao portuguesa$v14 300 $aGli autori figurano nel v. del front. 410 0$12001$aBiblioteca da expansao portuguesa 607 $aBrasile$xDescrizioni e viaggi$zSec. 16. 676 $a918.1 702 1$aCOUTO,$bJorge 702 1$aALBUQUERQUE,$bLuís : de 702 1$aBLACK,$bLuisa 801 0$aIT$bsalbc$gISBD 912 $a990003064450203316 951 $aIII.1. 2907$b205209 L.M.$cIII.1.$d00066492 959 $aBK 969 $aUMA 979 $aCHIARA$b90$c20080213$lUSA01$h1112 996 $aReconhecimento do Brasil$91022677 997 $aUNISA LEADER 01029nam a22002651i 4500 001 991001530519707536 005 20031119133100.0 008 040407s1972 xxua||||||||||||||||eng 020 $a0030842824 035 $ab12784333-39ule_inst 035 $aARCHE-076396$9ExL 040 $aDip.to Scienze Storiche$bita$cA.t.i. Arché s.c.r.l. Pandora Sicilia s.r.l. 082 04$a307.7209 100 1 $aRivière, Peter$0484565 245 14$aThe forgotten frontier ranchers of North Brazil /$cPeter Rivière 260 $aNew York :$bHolt :$bRinehart and Winston,$cc1972 300 $aXIII, 127 p. :$bill. ;$c24 cm 440 0$aCase studies in cultural anthropology 650 4$aEtnografia$zBrasile 907 $a.b12784333$b02-04-14$c16-04-04 912 $a991001530519707536 945 $aLE009 STOR.96-47$g1$i2009000366077$lle009$o-$pE0.00$q-$rl$s- $t0$u0$v0$w0$x0$y.i13328505$z16-04-04 996 $aForgotten frontier ranchers of North Brazil$9292844 997 $aUNISALENTO 998 $ale009$b16-04-04$cm$da $e-$feng$gxxu$h4$i1 LEADER 00782oam 22002891 450 001 9910727301103321 005 20230510132017.0 035 $a(Uk-CbPIL)acta-Z000024195 035 $a(Uk-CbPIL)Z000024195 035 $a(CKB)5500000000176079 035 $a(EXLCZ)995500000000176079 100 $a20050321e20011739 uy | 101 0 $alat 135 $aur||||||||||| 200 00$aAug. IV$b[electronic resource] 210 \1$aAnn Arbor, Michigan :$cProQuest LLC,$d2001. 215 $a1 online resource 606 \ $aChristian saints 615 \0$aChristian saints. 702 $aPinius$b Joannes 702 $aCuperus$b Guilielmus 801 0$bUK-CbPIL 801 1$bUK-CbPIL 906 $aBOOK 912 $a9910727301103321 996 $aAug. IV$93381976 997 $aUNINA